00826nam a2200253 i 4500001000700000003000900007005001700016007000300033008004100036020001800077080002200095080001900117100002600136245007500162260003300237300002200270490000700292650003700299650002900336830001500365852005100380999001900431952012200450105425ES-MaACL20250826060523.0t|060710s1980 fr ||||1| fre d a2-7186-0166-3 a323.33"18/19"(04) a330.85/.86(04)1 aGorz, André.95924210aAdieux au prolétariat b: au deláa du socialisme / cAndré Gorz. aParis : bGalilée, c1980. a240 p. ; c22 cm.1 aRC 7aClase trabajadora2embne915181117aSocialismo2embne9171471 aRC9232724 aES-MaACLjAND-220 z- Biblioteca Juan Andrade c105425d105425 00104070aATENEOMbATENEOMcDEPO2d2008-01-17eSCl0oAND-220p1110063r2023-02-23 00:00:00w2023-02-23yMONOGRAFIA